000 08181nam a22007578i 4500
001 BDZ0053505197
003 StDuBDS
005 20240417160955.0
006 m|||||o||d||||||||
007 cr |||||||||||
008 231018s2023 enka fo 000|0|eng|d
020 _a9781003816065 (ePub ebook) :
_c42.99
040 _aStDuBDS
_beng
_erda
_epn
_cStDuBDS
_dStDuBDSZ
050 4 _aHN49.C6
072 7 _aSOC
_2ukslc
072 7 _aJF
_2bicssc
072 7 _aRN
_2bicssc
072 7 _aAMA
_2bicssc
072 7 _aGBC
_2bicssc
072 7 _aJFSG
_2bicssc
072 7 _aRGC
_2bicssc
072 7 _aRPC
_2bicssc
072 7 _aJB
_2thema
072 7 _aRN
_2thema
072 7 _aAMA
_2thema
072 7 _aGBC
_2thema
072 7 _aJBSD
_2thema
072 7 _aRGC
_2thema
072 7 _aRPC
_2thema
072 7 _aRG
_2thema
082 0 4 _a307
_223
245 0 0 _aRoutledge companion to creativity and the built environment
_h[electronic resource] /
_cedited by Julie T. Miao, Tan Yigitcanlar.
246 3 0 _aCompanion to creativity and the built environment
246 3 0 _aCreativity and the built environment
263 _a202312
264 1 _aLondon :
_bRoutledge,
_c2023.
300 _a1 online resource (632 pages) :
_billustrations (black and white).
336 _atext
_2rdacontent
336 _astill image
_2rdacontent
337 _acomputer
_2rdamedia
338 _aonline resource
_2rdacarrier
366 _b20240329
_cIn stock
490 1 _aRoutledge international handbooks
505 0 _aForeword: Creativity and the Built EnvironmentCharles Landry1. IntroductionJulie T. Miao and Tan YigitcanlarSECTION 1: ECONOMY AND PRODUCTIVITY 2. Built cultural heritage and local developmentSilvia Cerisola3. Impact of the Built Environment on the Spatial Heterogeneity of Regional Innovation ProductivityWU Kangmin, WANG Yang, ZHANG Hong'ou, LIU Yi, YE Yuyao4. Housing, Productivity and CreativityZhiyuan Li5. Community and business innovation in the Indonesian KampungNicholas A. Phelps and Holi B. Wijaya6. The infrastructures of innovation districtsJulie T. Miao 7. Workplace repositioning post-pandemicEileen Sim8. Creativity in Sustainable FinanceKruti Upadhyay and Raghu Dharmapuri Tirumala9. Creativity in Blue Economy FinancingRaghu Dharmapuri Tirumala and Kruti UpadhyaySECTION 2: SOCIETY AND CULTURE10. Creativity and the CityDan Eugen Ratiu11. Between performativity and spectacleRishika Mukhopadhyay12. Community arts organisations in heritage-led regeneration and placemakingMichael Buser and Monisha Ahmed13. Learning by failing betterMartn Arias-Loyola and Francisco Vergara-Perucich14. The circuit of memory, creativity and built environmentHaeRan Shin15. Artists, Arts and Culture-based City RevitalizationMeghan Ashlin Rich16. Culture-led regeneration and Urban GovernanceAnna Laura Palazzo and Romina D'Ascanio17. The art of dancing for urban designTommi InkinenSECTION 3: ENVIRONMENT AND SPACE18. End of the Holocene CityFrancisco Javier Carrillo19. Industry 4.0, Lean Production and SustainabilityCristina Ciliberto; Raffaella Taddeo; Katarzyna Szopik-Depczynska; Tan Yigitcanlar; Giuseppe Ioppolo20. Collingwood Yards, The Formation of a Creative PrecinctEsther Anatolitis and Hlne Frichot21. Driving Innovation and Equity in the 21st Century Australian CityRob McGauran22. Flagship architecture and city brandingAmparo Tarazona Vento23. The Corporate CampusD.J. Huppatz24. Urban design dimensions of creative clusteringStephen Wood, Kim Dovey and Lucinda Pike25. The dark side of creativityMarcus Foth, Skye Doherty, and Nick KellySECTION 4: TECHNOLOGY AND INNOVATION26. The application of big data and technology in urban transport managementMark Stevenson and Avita Streatfield27. Customer uptake and preference analysis for Mobility as a Service schemesXiaoyang Yu, Prithvi Bhat Beeramoole, Chaitrali Shirke, Paul Scott, Alexander Paz28. Who Speaks for Smart Cities?Mark Wilson, Travis Decaminada, Cornelius Darcy, and Eva Kassens-Noor 29. The new socio-spatial dimensions of creativityDaniel de O. Vasconcelos 30. Augmented and Virtual Reality and Creativity in the Built EnvironmentJennifer Whyte and Dragana Nikolic31. Virtual Reality and Desiring-ProductionPeter Raisbeck and Michaela Prunotto 32. Lean construction in ChinaYanqing Fang and Shang Gao33. Co-designing InfrastructuresSarah Bell, Charlotte Johnson, Tse-Hui Teh, Kat Austen, and Gemma Moore34. Creativity and Innovation, revitalisation experiencesAna Cristina Fachinelli, Sulen Bebber, Bianca Libardi, and Thais Zimmermann Suzin35. Smart City in the creativity-built environment nexusJulie T Miao, Adiwan Fahlan Aritenang and Nadia Gissma36. Melbourne's skyscrapersGiorgio MarfellaSECTION 5: GOVERNANCE AND PLANNING 37. The Multifunction PolisPaul Walker38. The creative city in AustraliaEmma Felton39. Suburbs by designAlan Pert and Nicholas A. Phelps 40. Innovation Districts and the Physical Environment of Knowledge-Based Economic DevelopmentJoshua Drucker41. Tech-development, public space, and planning failuresCarla Maria Kayanan42. The planning of creative ParisJacob Thomas Simpson43. University incubators as sites of creativity and innovationSha Liu and Kristian Ruming44. Planning and sustaining an inclusive urban infrastructure of cultural amenitiesRobert C. Kloosterman and Jochem de Vries 45. Global Cities in the MakingCaitlin Morrissey and Michele AcutoAfterword: From Creative Cluster to Innovation ComplexSharon Zukin
520 8 _aThis resource crtitically examines the reciprocal relationship between creativity and the built environment and features leading voices from across the world.
_bThis book crtitically examines the reciprocal relationship between creativity and the built environment and features leading voices from across the world in a debate on originating, learning, modifying, and plagiarizing creativities within the built environment.The Companion includes contributions from architecture, design, planning, construction, real estate, economics, urban studies, geography, sociology, and public policies. Contributors review the current field and proposes new conceptual frameworks, research methodologies, and directions for research, policy, and practice. Chapters are organised into five sections, each drawing on cross-disciplinary insights and debates: Section I connects creativity, productivity, and economic growth and examines how our built environment stimulates or intimidates human imaginations. Section II addresses how hard environments are fabricated with social, cultural, and institutional meanings, and how these evolve in different times and settings. Section III discusses activities that directly and indirectly shape the material development of a built environment, its environmental sustainability, space utility, and place identity. Section IV illustrates how technologies and innovations are used in building and strengthening an intelligent, real-time, responsive urban agenda. Section V examines governance opportunities and challenges at the interface between creativity and built environment. An important resource for scholars and students in the fields of urban planning and development, urban studies, environmental sustainability, human geography, sociology, and public policy.
588 _aDescription based on CIP data; resource not viewed.
650 0 _aBuilt environment.
650 0 _aEBOOK
650 0 _aCity planning.
650 0 _aCreative ability.
650 7 _aSociety.
_2ukslc
650 7 _aSociety & culture: general
_2thema
650 7 _aThe environment
_2thema
650 7 _aTheory of architecture
_2thema
650 7 _aReference works
_2thema
650 7 _aUrban communities
_2thema
650 7 _aHuman geography
_2thema
650 7 _aUrban & municipal planning
_2thema
650 7 _aGeography
_2thema
700 1 _aMiao, Julie Tian,
_eeditor.
700 1 _aYigitcanlar, Tan,
_eeditor.
776 0 8 _iPrint version :
_z9781032274461
830 0 _aRoutledge international handbooks.
856 4 0 _uhttps://www.vlebooks.com/product/openreader?id=RICS&accId=9491556&isbn=9781003816065
_zAvailable via VLeBooks (email [email protected] for login details)
942 _2ddc
999 _c121909
_d121909